| 000 | 00730cam a2200253 4500 | ||
|---|---|---|---|
| 001 | M88990 | ||
| 008 | 090401t1997 xxu||||| |||| 00| 0 eng d | ||
| 035 | _a(Sirsi) u83390 | ||
| 041 | _aeng | ||
| 050 | _a690.3 | ||
| 100 | _aStockdale, David J. | ||
| 245 | _aCan total quality management `add value` in construction? | ||
| 260 |
_aAscot, Berks. _bCIOB _c1997 |
||
| 300 | _a8p. ; 30cm. | ||
| 350 | _a0 | ||
| 490 |
_aConstruction Papers _v83 |
||
| 650 | _aCONSTRUCTION INDUSTRY | ||
| 650 | _aTOTAL QUALITY MANAGEMENT | ||
| 650 | _aTOTAL QUALITY MANAGEMENT | ||
| 690 | _aMANAGEMENT-BUSINESS MANAGEMENT-PROFESSIONAL PRACTICE | ||
| 710 |
_aThe Chartered Institute of Building _92131 |
||
| 942 | _n0 | ||
| 948 | _c29/01/1998 | ||
| 999 |
_c96891 _d96891 |
||